• 首页
  • 本馆介绍
  • 公告通知
  • 最新文献
  • 馆藏检索
  • 电子资源
  • 读者导购
  • 参考咨询
  • 我的图书馆
  • 登录
  • 详细信息显示
  • 放入我的书架
  • 预约/预借图书
  • 作者相关作品
  • 分类相关作品
  • 丛书相关作品
  • 出版社相关作品

书目信息

  • 表格格式
  • 工作单格式
  • 卡片格式
题名:
西游记(节选)
    
 
作者: 吴承恩著 , 刘勇强解读
分册:  
出版信息: 北京   中国国家图书馆出版社  2023.12
页数: 782页
开本: 20cm
丛书名:
单 册:
中图分类: Z121
科图分类:
主题词: 丛书--中国
电子资源:
ISBN: 978-7-5013-8052-7
000 00649nam0 2200193 450
001 202512101912197741
005 20251210105724.06
010    @a978-7-5013-8052-7@d150
100    @a20251210d km y0chiy0120 ea
101 0  @achi
200 1  @a西游记(节选)@AXi You Ji(Jie Xuan)@f吴承恩著,刘勇强解读@FWu Cheng En Zhu,Liu Yong Qiang Jie Du
210    @a北京@c中国国家图书馆出版社@d2023.12
215    @a782页@d20cm
606 0  @a丛书@x中国
690    @aZ121@v4
701  0 @a吴承恩著@AWu Cheng En Zhu
701  0 @a刘勇强解读@ALiu Yong Qiang Jie Du
801  0 @aCN@b大连网信软件有限公司图书馆·11@c20251210
905    @aZUCC@b1440164@dZ121@e3530:67@f214401645
    
    西游记(节选)/吴承恩著,刘勇强解读.-北京:中国国家图书馆出版社,2023.12
    782页;20cm
    
    
    ISBN 978-7-5013-8052-7:150
    
●
相关链接 在E读中查询图书 在五车中查询图书 在当当中查询图书 在豆瓣中查询图书


正题名:西游记(节选)     索取号:Z121/3530:67         预约/预借

序号 登录号 条形码 馆藏地/架位号 状态 备注
1 1440165   214401654   第二样本阅览室/ [索取号:Z121/3530:67] 在馆    
唐山师范学院图书馆 欢迎您!
大连网信软件有限公司© 版权所有